000 00886nam a22002177a 4500
999 _c5501
_d5501
003 AR-CdUCM
008 190312b ||||| |||| 00| 0 spa d
040 _aMUNICIPALIDAD PROVINCIAL DEL CUSCO
_cBIBLIOTECA MUNICIPAL DEL CUSCO
082 _a978.002 /
_bO73
100 _aOrtecho V., Victor
_916502
245 _aCuba :
_bbatalla a favor de la historia /
260 _aLima :
_bT. Scheuch,
_c1962.
300 _a187 páginas ;
_c17.5 cm.
500 _aDonación familia Nieto.
505 _aContenido: Por los caminos de la dignidad y el trabajo -- La revolución vino del campo y volvió al campo -- Murieron los turgurios y se levantaron las ciudades -- La CTC revolucionaria y los trabajadores -- Combates a favor de la historia ...
650 _aImperialismo
_93454
650 _aAgricultura - reforma
_916503
650 _aLa Habana
_92308
942 _2ddc
_cLIBROS
945 _aafb